000 01127nam a2200265 a 4500
005 20200104041752.0
008 170126s2016 ck ado||r|||| 00| 0 spa d
020 _a9789585418004 (impreso)
020 _a9789585418011 (digital)
040 _aCO-BoIAVH
_cCO-BoIAVH
041 0 _aspa
044 _ack
082 0 4 _a363.70525
_bJ94s
100 1 _aJulio, Miguel Angel
_eautor
245 1 0 _aSomos ambiente y paz /
_cMiguel Angel Julio
260 _aBogotá (Colombia) :
_bInstituto de Investigación de Recursos Biológicos Alexander von Humboldt,
_c2016.
300 _a166 páginas :
_bilustraciones a color, tablas y fotografías a color ;
_c23 x 17 cm.
504 _aIncluye referencias bibliográficas.
650 1 6 _aProtección ambiental
_xParticipación juvenil
650 2 6 _aConsolidación de la paz
_xParticipación juvenil
650 2 6 _aConservación de la diversidad biológica
_xParticipación juvenil
650 2 6 _aMitigación del cambio climático
710 2 _aInstituto de Investigación de Recursos Biológicos Alexander von Humboldt
942 _2ddc
_cLIBRO
_01
999 _c19223
_d19223